Zgadnij państwo po trzech najbardziej wartościowych piłkarzach - Statystyki

Ogólne statystyki
  • Ten quiz został rozwiązany 37 razy
  • Średni wynik to 11 z 20
Statystyki odpowiedzi
Wartość Piłkarz Państwo % Poprawnych
180,00 mln Lamine Yamal Hiszpania
91%
50,00 mln Christian Pulisic Stany Zjednoczone
85%
23,00 mln Albert Gudmundsson Islandia
79%
75,00 mln Rafael Leão Portugalia
79%
80,00 mln Dominik Szoboszlai Węgry
79%
85,00 mln Luis Diaz Kolumbia
73%
25,00 mln Radu Drăgușin Rumunia
70%
35,00 mln Abdukodir Khusanov Uzbekistan
70%
8,00 mln Kiril Despodov Bułgaria
64%
80,00 mln Moisés Caicedo Ekwador
64%
22,00 mln Julio Enciso Paragwaj
64%
32,00 mln Leon Bailey Jamajka
61%
10,00 mln Chris Wood Nowa Zelandia
61%
12,00 mln Patson Daka Zambia
52%
6,00 mln Glen Kamara Finlandia
42%
1,00 mln Kristers Tobers Łotwa
33%
20,00 mln Beto Gwinea Bissau
24%
10,00 mln Moatasem Al-Musrati Libia
24%
1,20 mln Suphanat Mueanta Tajlandia
18%
2,50 mln Loic Lapoussin Madagaskar
15%
Nie znaleziono quizów pasujących do podanych kryteriów
Rozkład punktacji
Procent ludzi z każdym wynikiem
Percentyl według liczby udzielonych odpowiedzi
Twoja historia wyników
Nie rozwiązałeś tego quizu